Z básní Hájomila

Bibliographic Details
Main Author: Hájomil, 1882-1952 (Author)
Format: Article
Language:Slovak
Subjects:

MARC

LEADER 00000nab a2200000 a 4500
001 vtls011515934
003 SK-MaSNL
005 20260304215505.0
008 230302|1907 xo |||||||||||||||||slo|
015 |a SNBRB 
035 |a (urnnbn)urn:nbn:sk:snk:ar-001lbq 
035 |a (uuid)9a66bf2c-3515-47ea-b9d8-277de20b3eab 
035 |a urn:nbn:sk:snk-abe5h3 
040 |a SNKBUCL  |b slo  |c SNKBUCL  |e AACR2 
041 0 |a slo 
044 |a xo  |c SK 
080 |a 821.162.4-1  |2 2011 
100 0 |a Hájomil,  |d 1882-1952  |4 aut  |9 40195 
245 1 0 |a Z básní Hájomila 
655 7 |a slovenská poézia  |2 SNKPH  |9 70444 
740 0 2 |a Pieseň 
740 0 2 |a Milote 
773 0 |t Slovenské pohľady  |g Roč. 27, č. 8 (1907), s. 490-493 
958 |a OND 
958 |a EUIPO 
958 |a article21 
999 |c 3146413  |d 3148343